[Event "Open"]
[Site "Kavala GRE"]
[Date "2009.08.08"]
[Round "9"]
[White "Burmakin,V"]
[Black "Sengupta,D"]
[Result "1-0"]
[WhiteElo "2627"]
[BlackElo "2488"]

1.Nf3 d5 2.c4 e6 3.g3 c6 4.b3 Nf6 5.Bb2 Be7 6.Bg2 O-O 7.O-O b6 8.Qc2 Bb7
9.Rd1 Nbd7 10.d3 c5 11.cxd5 exd5 12.d4 Rc8 13.Qd2 Ne4 14.Qe1 Ndf6 15.Nc3 c4
16.bxc4 Bb4 17.Ne5 dxc4 18.f3 Nxc3 19.Bxc3 Bxc3 20.Qxc3 Nd5 21.Qa3 a5 22.Bh3 Rc7
23.e4 Nb4 24.Rac1 Ba6 25.Bf1 Qc8 26.d5 Rc5 27.Rd4 Nd3 28.Bxd3 cxd3 29.Nc6 Qb7
30.Kf2 h5 31.Ke3 Re8 32.Qb2 Qd7 33.Rxc5 bxc5 34.Rxd3 Bxd3 35.Kxd3 f5 36.Qe2 a4
37.Kc4 fxe4 38.fxe4 Qd6 39.e5 Qh6 40.Kxc5 Qc1+ 41.Kd6 g6 42.e6 Qb1 43.e7  1-0

[Event "Open"]
[Site "Olomouc CZE"]
[Date "2009.08.09"]
[Round "5"]
[White "Neumeier,L"]
[Black "Kirsanova,E"]
[Result "1-0"]
[WhiteElo "2277"]
[BlackElo "2131"]

1.Nf3 d5 2.c4 c6 3.d4 Nf6 4.Nbd2 a6 5.g3 Bf5 6.Bg2 b5 7.c5 h6 8.b3 Nbd7 9.Bb2 Qc7
10.O-O e5 11.Nxe5 Nxe5 12.dxe5 Nd7 13.e4 dxe4 14.b4 O-O-O 15.Qe2 Nxe5 16.Nxe4 Nc4
17.Bc3 Be6 18.a4 Bd5 19.axb5 axb5 20.Ra8+ Kb7 21.Rxd8 Qxd8 22.Ra1 Qb8 23.Nd2 Be6
24.Nxc4 Bxc4 25.Qd1 Be6 26.Bxc6+ Kxc6 27.Ra6+  1-0

[Event "Pan-American Teams"]
[Site "Mendes BRA"]
[Date "2009.08.12"]
[Round "4"]
[White "Goldwaser,C"]
[Black "Fier,A"]
[Result "0-1"]
[WhiteElo "2356"]
[BlackElo "2604"]

1.Nf3 d5 2.c4 e6 3.d4 c6 4.e3 Nf6 5.Bd3 dxc4 6.Bxc4 b5 7.Bd3 a6 8.a4 Bb7
9.O-O Nbd7 10.e4 Qb6 11.e5 Nd5 12.Nc3 h6 13.Nxd5 cxd5 14.axb5 axb5 15.Rxa8+ Bxa8
16.Qb3 b4 17.Be3 Be7 18.Rc1 Bc6 19.Bb1 Nb8 20.Ne1 Kd7 21.f4 g6 22.Nf3 Bb5
23.Bd3 Nc6 24.g4 h5 25.h3 hxg4 26.hxg4 Rc8 27.Kg2 Na5 28.Qd1 Rxc1 29.Bxc1 Bxd3
30.Qxd3 Qc6 31.Bd2 Qc4 32.Qb1 Qe2+ 33.Kg3 Kc6 34.Qc2+ Qc4 35.Qa4+ Qb5 36.Qc2+ Kb7
37.f5 gxf5 38.gxf5 b3 39.Qc3 Nc4 40.f6 Bf8 41.Bc1 Ka6 42.Ng5 Qb7 43.Kg2 Qa7
44.Nh7 Qb8 45.Kg1 Ba3 46.Ng5 Bxb2 47.Bxb2 Qg8 48.Qxb3 Qxg5+ 49.Kh1 Qh4+ 50.Kg2 Qe4+
51.Kg3 Qe1+ 52.Kg4 Ne3+  0-1

[Event "Open"]
[Site "Olomouc CZE"]
[Date "2009.08.12"]
[Round "8"]
[White "Neumeier,L"]
[Black "Stachanczyk,J"]
[Result "1-0"]
[WhiteElo "2277"]
[BlackElo "2205"]

1.Nf3 d5 2.c4 c6 3.d4 Nf6 4.g3 dxc4 5.Bg2 Nbd7 6.Qc2 Nb6 7.Nbd2 g6 8.e3 Bg7
9.Ne5 Bf5 10.Qd1 Nfd7 11.Nexc4 Nxc4 12.Nxc4 Nb6 13.Na5 Qd7 14.O-O O-O 15.Nb3 Na4
16.Qe2 Rad8 17.Rd1 e5 18.e4 Be6 19.Be3 Qc8 20.d5 cxd5 21.exd5 Bg4 22.f3 Bd7
23.Rac1 Qb8 24.Na5 Rc8 25.Qd2 Rfd8 26.b3 Nb6 27.Nc4 Nxc4 28.bxc4 b6 29.Re1 Qd6
30.f4 Re8 31.fxe5 Bxe5 32.Qf2 Qb4 33.Bf1 Bf5 34.Bd4 Bxd4 35.Rxe8+ Rxe8 36.Qxd4 Qd6
37.Qf2 h5 38.Rd1 Re7 39.Rd2 Re8 40.Be2 Bh3 41.Qd4 Re7 42.Kf2 Re8 43.Bf3 Re7
44.a4 Re8 45.a5 Bd7 46.axb6 axb6 47.Rb2 Rb8 48.Kg2 Bc8 49.Qf4 Qd8 50.c5  1-0

[Event "Open"]
[Site "Olomouc CZE"]
[Date "2009.08.12"]
[Round "8"]
[White "Chernyshov,K"]
[Black "Zilka,S"]
[Result "1/2-1/2"]
[WhiteElo "2555"]
[BlackElo "2466"]

1.Nf3 d5 2.c4 c6 3.b3 Nf6 4.Bb2 e6 5.g3 Be7 6.Bg2 O-O 7.O-O Nbd7 8.d3 b5
9.Nbd2 Bb7 10.e4 bxc4 11.bxc4 dxe4 12.dxe4 Nc5 13.Rb1 Nfd7 14.Qc2 Qc7 15.Rfd1 Rfd8
16.Nf1 e5 17.Ne3 f6 18.Bh3 Nb6 19.Nd2 Bc8 20.Bxc8 Raxc8 21.Ba3 Bf8 22.Bb4 Nba4
23.Nb3 Nxb3 24.Qxb3 Nc5 25.Qc2 Rb8 26.Bc3 Rxb1 27.Rxb1 Qc8 28.Kg2 Rd7 29.Bb4 Rb7
30.Bxc5 Bxc5 31.Kf3 h5 32.h4 Rxb1 33.Qxb1 g6 34.Qb3 Kf7 35.Qa4 Qd7 36.Qb3 Ke7
37.Ke2 a5 38.Qc3 Bb4 39.Qb3  1/2-1/2

[Event "Jubilee Open"]
[Site "Zuerich SUI"]
[Date "2009.08.15"]
[Round "9"]
[White "Knoedler,D"]
[Black "Bosiocic,Mari"]
[Result "0-1"]
[WhiteElo "2366"]
[BlackElo "2551"]

1.Nf3 d5 2.c4 d4 3.g3 Nc6 4.Bg2 e5 5.d3 Bb4+ 6.Bd2 a5 7.O-O Nf6 8.Na3 O-O
9.Nc2 Qd6 10.a3 Bxd2 11.Nxd2 Bf5 12.Rb1 a4 13.b4 axb3 14.Rxb3 b6 15.Nb4 Na5
16.Rb2 Ra7 17.Qb1 Nd7 18.Ne4 Bxe4 19.Bxe4 Nc5 20.Bg2 Nab7 21.Ra2 Nd8 22.Qc2 Na4
23.Raa1 c6 24.Rfe1 Nc5 25.Reb1 f5 26.Ra2 f4 27.a4 fxg3 28.hxg3 Raf7 29.Rf1 Qc7
30.Qd2 Rf6 31.Ra3 Qf7 32.e3 dxe3 33.Qxe3 Qh5 34.Ra2 Rh6 35.Re1 Nce6 36.Qxe5 Ng5
37.f4 Qh2+ 38.Kf2 Nh3+ 39.Kf3 Rg6 40.Bxh3 Rxg3+ 41.Ke4 Qxh3 42.Rf2 Qd7  0-1

[Event "Jubilee Open"]
[Site "Zuerich SUI"]
[Date "2009.08.15"]
[Round "9"]
[White "Fridman,D2"]
[Black "Vernay,C"]
[Result "1-0"]
[WhiteElo "2665"]
[BlackElo "2463"]

1.Nf3 d5 2.c4 c6 3.g3 Bg4 4.Bg2 Nd7 5.cxd5 cxd5 6.Nc3 e6 7.Qb3 Qb6 8.Qxb6 axb6
9.Nd4 Ngf6 10.f4 Bc5 11.Ncb5 Ra4 12.e3 O-O 13.h3 Bh5 14.g4 Bg6 15.b3 Ra5
16.Bb2 Bd3 17.Bf1 Be4 18.Rh2 e5 19.d3 exd4 20.Nxd4 Ba3 21.g5 Bxb2 22.Rxb2 Bxd3
23.Bxd3 Ne4 24.Bb5 Ndc5 25.Bf1 Raa8 26.Rc2 g6 27.Rd1 h6 28.gxh6 Kh7 29.Bg2 Rad8
30.b4 Na6 31.a3 Rfe8 32.Bxe4 Rxe4 33.Kf2 Kxh6 34.Nb5 g5 35.Kf3 gxf4 36.exf4 Kg6
37.Rg2+ Kf6 38.Nc3 Nc7 39.Nxe4+ dxe4+ 40.Ke2 Ra8 41.Ke3 Rxa3+ 42.Kxe4 Ke7
43.Rgd2 Nb5 44.Rd3 Rc3 45.Rd5 Rc4+ 46.Kf5 Rxb4 47.Rd8  1-0

[Event "16th Vienna Open"]
[Site "Vienna AUT"]
[Date "2009.08.16"]
[Round "2"]
[White "Bawart,M"]
[Black "Meurs,T"]
[Result "1-0"]
[WhiteElo "2385"]
[BlackElo "2179"]

1.Nf3 d5 2.c4 dxc4 3.Na3 a6 4.Nxc4 b5 5.Ne3 Bb7 6.a4 Nd7 7.g3 Nc5 8.Bg2 Nf6
9.axb5 axb5 10.Rxa8 Qxa8 11.d4 Nce4 12.O-O e6 13.Qd3 Qa6 14.Ne5 c5 15.f3 c4
16.Qc2 Nd6 17.b3 Qb6 18.Rd1 cxb3 19.Qxb3 Be7 20.Ba3 Qa6 21.Bh3 Nd5 22.Nc2 Nc4
23.Bxe7 Nxe7 24.Ra1  1-0

[Event "Open A"]
[Site "Panevezys LTU"]
[Date "2009.08.17"]
[Round "1"]
[White "Lomonosovas,V"]
[Black "Ralys,V"]
[Result "1-0"]
[WhiteElo "2115"]
[BlackElo "1868"]

1.Nf3 d5 2.c4 d4 3.e3 dxe3 4.fxe3 Nf6 5.d4 e6 6.Nc3 Bb4 7.Bd2 O-O 8.Bd3 c5
9.a3 Ba5 10.O-O cxd4 11.exd4 Bb6 12.c5 Bxc5 13.Bxh7+ Nxh7 14.dxc5 Bd7 15.Bf4 Bc6
16.Bd6 Re8 17.Ne5 Qg5 18.Nxc6 Nxc6 19.Qf3 Nf6 20.Rae1 Qg4 21.Qxg4 Nxg4 22.b4 Nf6
23.b5 Na5 24.Ne4 Nxe4 25.Rxe4 Nb3 26.Rb4 Na5 27.Bc7 b6 28.cxb6 Rec8 29.Ra4 axb6
30.Bxb6 Nc4 31.Rxa8 Rxa8 32.Bc5 Nxa3 33.Ra1 Ra5 34.Rxa3 Rxb5 35.Rc3 Rb2 36.Bd4 Rd2
37.Be3 Ra2 38.Rd3 e5 39.Rd2 Ra3 40.Kf2 f5 41.Bc5 Rc3 42.Bd6 e4 43.Bf4 Kf7
44.Rd7+ Kf6 45.h4 Rc2+ 46.Rd2 Rc3 47.Rd6+ Ke7 48.Rg6 Kf7 49.Rxg7+  1-0

[Event "Open A"]
[Site "Panevezys LTU"]
[Date "2009.08.18"]
[Round "2"]
[White "Kantans,T"]
[Black "Milasevicius,J"]
[Result "1/2-1/2"]
[WhiteElo "2209"]
[BlackElo "1996"]

1.Nf3 d5 2.c4 c6 3.g3 Nf6 4.Bg2 e6 5.O-O Be7 6.d4 O-O 7.Nbd2 Nbd7 8.Qc2 b6
9.e4 dxe4 10.Nxe4 Bb7 11.Rd1 Qc8 12.Nc3 Rd8 13.a4 a6 14.Bf4 Nh5 15.Be3 Nhf6
16.h3 Qc7 17.Rac1 Rac8 18.Qe2 Nf8 19.Bf4 Qd7 20.a5 b5 21.cxb5 axb5 22.Ne5 Qe8
23.Nxb5 Nd5 24.Na7 Rc7 25.Nexc6 Rxc6 26.Nxc6 Bxc6 27.Qa6 Bb5 28.Qb7 Nxf4
29.gxf4 Ng6 30.a6 Nxf4 31.Bf3 Nxh3+ 32.Kh2 Ng5 33.Bg2 Bd6+ 34.Kg1 Rb8 35.a7 Nh3+
36.Kh1 Nxf2+ 37.Kg1  1/2-1/2

[Event "24th Open"]
[Site "Tetevan BUL"]
[Date "2009.08.19"]
[Round "6"]
[White "Andonov,B"]
[Black "Sofranov,V"]
[Result "1-0"]
[WhiteElo "2311"]
[BlackElo "1983"]

1.Nf3 d5 2.c4 e6 3.g3 Nf6 4.Bg2 c6 5.d4 Be7 6.Qc2 O-O 7.O-O Nbd7 8.b3 b6
9.Rd1 a5 10.Nc3 Ba6 11.Nd2 Rc8 12.Bb2 Qc7 13.Rac1 Qb8 14.e4 Rfd8 15.Qb1 Qb7
16.exd5 cxd5 17.cxd5 Nxd5 18.Nc4 N7f6 19.Ne3 Qd7 20.Ncxd5 Nxd5 21.Nc4 Qa7
22.Ne5 Bb7 23.Bf1 Bg5 24.Rxc8 Rxc8 25.h4 Be7 26.Bd3 h6 27.Rc1 Qa8 28.Bh7+ Kf8
29.Qd3 Nf6 30.g4 Ba6 31.Rxc8+ Qxc8 32.Qf3 Bb7 33.Qf4 g5 34.hxg5 hxg5 35.Qxg5 Nxh7
36.Qh5 Qe8 37.Qxh7 Bd6 38.Bc1 Bxe5 39.Ba3+  1-0

[Event "XXVI Open A"]
[Site "Collado Villalba ESP"]
[Date "2009.08.21"]
[Round "1"]
[White "Zanoletty Garcia,D"]
[Black "Teske,H"]
[Result "0-1"]
[WhiteElo "2014"]
[BlackElo "2536"]

1.Nf3 d5 2.c4 d4 3.g3 Nc6 4.Bg2 e5 5.d3 Nf6 6.O-O a5 7.e3 dxe3 8.Bxe3 Ng4
9.Bc1 Bc5 10.Nc3 Bf5 11.Nd5 O-O 12.h3 Nf6 13.Bg5 Qd6 14.Nh4 Bg6 15.Bxf6 gxf6
16.Qf3 Nd4 17.Qxf6 Bxd3 18.Qg5+ Kh8 19.Nf6 Ra6 20.Be4 Qxf6 21.Qxf6+ Rxf6
22.Bxd3 Nf3+ 23.Nxf3 Rxf3 24.Be4 Rxg3+ 25.Kh2 Rg7 26.b3 c6 27.Rad1 f5 28.Bc2 e4
29.Rd2 Rfg8 30.f3 Be3 31.Re2 Bf4+ 32.Kh1 Rg3 33.Rh2 exf3 34.Bxf5 Rg2  0-1

[Event "5th Geller Mem Open A"]
[Site "Odessa UKR"]
[Date "2009.08.21"]
[Round "2"]
[White "Demidiukov,E"]
[Black "Pavlov,Ma"]
[Result "0-1"]
[WhiteElo "2208"]
[BlackElo "2371"]

1.Nf3 d5 2.c4 c6 3.e3 Nf6 4.Qc2 g6 5.b3 Bg7 6.Bb2 O-O 7.Be2 Bg4 8.O-O Nbd7
9.d3 Bxf3 10.Bxf3 e5 11.Nd2 Re8 12.Rfd1 Nf8 13.b4 Qe7 14.Qb3 Rad8 15.g3 e4
16.dxe4 dxe4 17.Be2 N8d7 18.c5 Nd5 19.Bxg7 Kxg7 20.Nc4 N7f6 21.Rd4 Qe6 22.Rad1 Re7
23.Nd6 h5 24.Bf1 h4 25.Bg2 Rxd6 26.cxd6 Qxd6 27.b5 Qe5 28.bxc6 bxc6 29.Qc4 hxg3
30.hxg3 Qf5 31.Qxc6 Re5 32.Qd6 Nc3 33.R1d2 Nb5 34.Qb8 Nxd4 35.exd4 Rb5 36.Qf4 Rb1+
37.Kh2 Ng4+ 38.Kh3 Qh5+  0-1

[Event "XXVI Open A"]
[Site "Collado Villalba ESP"]
[Date "2009.08.22"]
[Round "2"]
[White "Alvarez Garcia,Fe"]
[Black "Franco Rincon,D"]
[Result "1/2-1/2"]
[WhiteElo "1988"]
[BlackElo "1787"]

1.Nf3 d5 2.c4 c6 3.b3 Nf6 4.Bb2 e6 5.g3 Be7 6.Bg2 Nbd7 7.O-O O-O 8.d3 b5
9.Nbd2 Bb7 10.a3 b4 11.axb4 Bxb4 12.Ra4 Qe7 13.Qa1 a5 14.Rd1 Rfb8 15.Nd4 Ne8
16.Bc3 c5 17.Bxb4 axb4 18.Nc2 Nb6 19.Rxa8 Rxa8 20.Qb2 dxc4 21.dxc4 Bxg2 22.Kxg2 Qf6  1/2-1/2

[Event "XXVI Open A"]
[Site "Collado Villalba ESP"]
[Date "2009.08.22"]
[Round "2"]
[White "Martinez Rodriguez,P1"]
[Black "Erice Alonso,S"]
[Result "1/2-1/2"]
[WhiteElo "2213"]
[BlackElo "2068"]

1.Nf3 d5 2.c4 c6 3.e3 e6 4.Nc3 f5 5.d4 Nf6 6.Bd3 Bd6 7.O-O O-O 8.b3 Nbd7
9.cxd5 cxd5 10.Nb5 Be7 11.Qc2 Nb6 12.Ba3 Bxa3 13.Nxa3 Bd7 14.Qb2 Qe7 15.Ne5 Rac8
16.Rac1 Rxc1 17.Rxc1 Rc8 18.h3 Be8 19.g4 Rxc1+ 20.Qxc1 fxg4 21.hxg4 Nxg4
22.Nxg4 Qg5 23.Be2 h5 24.f4 Qg6 25.Qc2 hxg4 26.Qxg6 Bxg6 27.Bxg4 Bf5 28.Bxf5 exf5  1/2-1/2

[Event "XXI Festival Open A"]
[Site "Porto San Giorgio ITA"]
[Date "2009.08.23"]
[Round "3"]
[White "Roeder,M"]
[Black "Lalic,B"]
[Result "1/2-1/2"]
[WhiteElo "2438"]
[BlackElo "2517"]

1.Nf3 d5 2.c4 dxc4 3.e3 c5 4.Bxc4 e6 5.O-O Nf6 6.d4 a6 7.dxc5 Qxd1 8.Rxd1 Bxc5
9.Be2 Nbd7 10.Nbd2 b6  1/2-1/2

[Event "9th UIL&UL GM"]
[Site "Dahka BAN"]
[Date "2009.08.25"]
[Round "6"]
[White "Islam,AP"]
[Black "Shrestha,K"]
[Result "0-1"]
[WhiteElo "2188"]
[BlackElo "2134"]

1.Nf3 d5 2.c4 e6 3.g3 Nf6 4.Bg2 Be7 5.O-O O-O 6.d4 dxc4 7.Ne5 c5 8.dxc5 Qc7
9.Nxc4 Bxc5 10.Nba3 a6 11.Bf4 Qe7 12.Rc1 Rd8 13.Qc2 Nd5 14.Ne5 Bxa3 15.bxa3 f6
16.Nd3 Nc6 17.Qb2 e5 18.Bd2 Nd4 19.Ba5 Rd6 20.e4 b6 21.Be1 Nc7 22.Bb4 a5
23.Bxd6 Qxd6 24.h3 Ba6 25.Rfd1 Bxd3 26.Rxd3 Nce6 27.Rc4 Rd8 28.Kh2 Nc5 29.Rd1 h6
30.a4 Kh8 31.Rb1 Qe6 32.Qxb6 Qxc4 33.Qxd8+ Kh7 34.Qxa5 Qxa2 35.Rf1 Ncb3 36.Qd5 Qe2
37.a5 Nd2 38.Rc1 Qxf2 39.Qc5 N2f3+ 40.Kh1 Qxg3 41.Bxf3 Nxf3 42.Rc2  0-1

[Event "5th Geller Mem Open A"]
[Site "Odessa UKR"]
[Date "2009.08.26"]
[Round "7"]
[White "Demidiukov,E"]
[Black "Kutsykh,M"]
[Result "1/2-1/2"]
[WhiteElo "2208"]
[BlackElo "2285"]

1.Nf3 d5 2.c4 c6 3.e3 Nf6 4.Qc2 g6 5.b3 Bf5 6.d3 Na6 7.a3 Bg7 8.Bb2 O-O 9.Be2 Rc8
10.O-O b5 11.c5 Nb8 12.Nbd2 Bg4 13.b4 Nbd7 14.a4 a6 15.h3 Bxf3 16.Nxf3 Qc7
17.Ra2 e5 18.Rfa1 Rfe8 19.axb5 axb5 20.Ra7 Qd8 21.Nd2 Rc7 22.R7a6 Qe7 23.Qb1 Nb8
24.R6a5 Nfd7 25.R1a3 f5 26.Qa1 Qh4 27.Rb3 Qe7 28.Rba3 Qh4 29.Rb3 Qe7 30.Bf1 g5
31.e4 fxe4 32.dxe4 d4 33.Qd1 Rf8 34.Be2 Nf6 35.Bc1 Nbd7 36.Qc2 h5 37.Nf1 Qf7
38.Rba3 g4 39.h4 Nxe4 40.Qxe4 Qxf2+ 41.Kh1 Qxh4+ 42.Rh3 Qf2 43.Rha3 Qh4+
44.Rh3  1/2-1/2

[Event "XI Sants Open"]
[Site "Barcelona ESP"]
[Date "2009.08.27"]
[Round "7"]
[White "Ferretti,F"]
[Black "Alsina Leal,D"]
[Result "1/2-1/2"]
[WhiteElo "2313"]
[BlackElo "2529"]

1.Nf3 d5 2.c4 d4 3.e3 Nc6 4.exd4 Nxd4 5.Nxd4 Qxd4 6.Nc3 c6 7.d3 Nh6 8.Be3 Qd8
9.d4 Nf5 10.Be2 g6 11.Qd2 Bg7 12.Rd1 O-O 13.O-O Qa5 14.Bf3 Rd8 15.d5 Bd7
16.Bf4 Nd4 17.Be4 f5 18.Bb1 e5 19.Bg5 Re8 20.Be3 f4 21.Bxd4 exd4 22.Ne4 Qxd2
23.Rxd2 cxd5 24.cxd5 b6 25.f3 Rad8 26.Bd3 Bf5 27.Re1 h6 28.Kf2 Kh8 29.Bc4 g5
30.Nd6 Rxe1 31.Nf7+ Kh7 32.Nxd8 Rc1 33.b3 Rc3 34.Ne6 d3 35.Nxg7 Kxg7 36.Ke1 Kf6
37.d6 a6 38.Bxa6 Ke6 39.Rb2 Kxd6 40.Kd2 Rc5 41.b4 Re5 42.Bxd3 Bxd3 43.Kxd3 Kd5
44.Rc2 Re3+ 45.Kd2 Ra3 46.Kc1 Ra4 47.b5 h5 48.Rc6 Rxa2 49.Rxb6 Rxg2 50.Rf6 Rxh2
51.b6 Re2 52.b7 Re8 53.Rf5+ Kd4 54.Rxg5 Rb8 55.Rxh5 Rxb7 56.Kd2 Rb2+ 57.Ke1 Ke3
58.Kf1 Rf2+ 59.Ke1  1/2-1/2

[Event "57th ch-HUN w"]
[Site "Eger HUN"]
[Date "2009.08.27"]
[Round "7"]
[White "Toth,Sar"]
[Black "Csatari,M"]
[Result "1/2-1/2"]
[WhiteElo "2236"]
[BlackElo "2117"]

1.Nf3 d5 2.c4 c6 3.g3 Nf6 4.Bg2 Bf5 5.cxd5 cxd5 6.Qb3 Qc8 7.O-O e6 8.d3 Nc6
9.Nh4 Bg4 10.e4 dxe4 11.dxe4 Be7 12.h3 Be2 13.Re1 Ba6 14.Nc3 O-O 15.Be3 Na5
16.Qc2 Nc4 17.Rac1 Nxe3 18.Rxe3 Nd7 19.Nf3 Nb6 20.Ree1 Rd8 21.Bf1 Bxf1 22.Rxf1 Qc4
23.Rfd1 Rac8 24.Ne5 Qc5 25.Rxd8+ Bxd8 26.Nf3 Bf6 27.Qe2 Qh5 28.Kg2 Bxc3 29.Rxc3 Rxc3
30.bxc3 Qc5 31.Qd3 Qc7 32.Nd2 h6 33.Qd4 e5 34.Qb4 Qd7 35.Nb3 Qa4 36.Nc5 Qc6
37.a4 f5 38.a5 Nd7 39.Qxb7 Qxc5 40.Qxd7 fxe4 41.a6 e3 42.fxe3 Qxe3 43.Qc8+ Kf7
44.Qf5+ Ke8  1/2-1/2

[Event "XIX EYCC Boys U16"]
[Site "Fermo ITA"]
[Date "2009.09.03"]
[Round "4"]
[White "Meskovs,N"]
[Black "Tal,E"]
[Result "0-1"]
[WhiteElo "2221"]
[BlackElo "2028"]

1.Nf3 d5 2.c4 c6 3.g3 Nf6 4.Bg2 e6 5.O-O Bd6 6.b3 O-O 7.Bb2 Re8 8.d4 Nbd7
9.Nbd2 b6 10.Qc2 Bb7 11.e4 dxe4 12.Nxe4 Nxe4 13.Qxe4 Nf6 14.Qc2 h6 15.Ne5 Qc7
16.f4 c5 17.Rae1 cxd4 18.Bxd4 Rad8 19.Bxb7 Qxb7 20.f5 exf5 21.Qxf5 Bb4 22.Rd1 Rxd4
23.Rxd4 Bc5 24.Rd1 Qe7 25.Nc6 Qd6 26.Qf3 Re4 27.Kg2 Bxd4  0-1

[Event "XIX EYCC Boys U18"]
[Site "Fermo ITA"]
[Date "2009.09.03"]
[Round "4"]
[White "Benidze,D"]
[Black "Mammadov,A"]
[Result "1-0"]
[WhiteElo "2437"]
[BlackElo "2331"]

1.Nf3 d5 2.c4 e6 3.g3 Nf6 4.Bg2 Be7 5.O-O O-O 6.b3 dxc4 7.bxc4 c5 8.Bb2 Nc6
9.Nc3 a6 10.Qc2 Qc7 11.Ne4 Nxe4 12.Qxe4 Bd7 13.d3 f6 14.Qe3 e5 15.Rab1 b5
16.Nd2 Rae8 17.Ne4 f5 18.Nxc5 f4 19.Qe4 Bxc5 20.Qd5+ Kh8 21.Qxc5 b4 22.a3 a5
23.axb4 axb4 24.Ba1 Rc8 25.Bxc6 Bxc6 26.Qxe5 Qd7 27.Qd4 Qe7 28.f3 Rf6 29.Qf2 Re6
30.Rfe1 Re8 31.d4 Rxe2 32.Rxe2 Qxe2 33.d5 Bd7 34.Qxe2 Rxe2 35.Rxb4 h5 36.Bd4 Bh3
37.Rb2 Re1+ 38.Kf2 Rc1 39.gxf4 Rxc4 40.Be5 Bc8 41.Ra2 Kh7 42.Ra7 Rc2+ 43.Ke3 Bf5
44.d6 Rc5 45.Rxg7+ Kh6 46.Rf7 Bh3 47.Ke4 Rc4+ 48.Kd5 Rc8 49.d7  1-0

[Event "2nd WTeam w"]
[Site "Ningbo CHN"]
[Date "2009.09.03"]
[Round "2"]
[White "Goletiani,R"]
[Black "Aginian,N"]
[Result "1-0"]
[WhiteElo "2391"]
[BlackElo "2307"]

1.Nf3 d5 2.c4 c6 3.g3 Nf6 4.b3 Bg4 5.Bg2 e6 6.Bb2 Nbd7 7.O-O Bd6 8.h3 Bxf3
9.Bxf3 O-O 10.d3 Qe7 11.a3 a5 12.Nd2 Rfd8 13.Bg2 e5 14.Qc2 Rac8 15.e3 b5
16.Rfc1 dxc4 17.bxc4 b4 18.axb4 Bxb4 19.d4 exd4 20.exd4 Nf8 21.Nb3 Ne6 22.Rd1 Qc7
23.Qf5 Rb8 24.d5 cxd5 25.cxd5 Qc4 26.Bxf6 gxf6 27.Nxa5 Bxa5 28.Rxa5 Qc3 29.Ra6 Qe5
30.Qf3 Ng5 31.Qxf6 Qxf6 32.Rxf6 Kg7 33.Ra6 Rb7 34.Re1 h6 35.Rc1 Re7 36.h4 Nh7
37.Ra4 Nf6 38.Rd4 Red7 39.Rcd1 Rd6 40.g4 Kg6 41.Kh2 Rc8 42.Kg3 Rc3+ 43.R1d3 Rc5
44.f4 Kg7 45.Bf3 Rc1 46.g5 Nd7 47.Re3 Nb6 48.f5 hxg5 49.hxg5 Rc5 50.f6+ Kg6
51.Kg4 Kh7 52.Re8  1-0

[Event "6th LGA Premium Cup"]
[Site "Nuernberg GER"]
[Date "2009.09.03"]
[Round "1"]
[White "Redzepovic,I"]
[Black "Georgiev,Vl"]
[Result "0-1"]
[WhiteElo "2098"]
[BlackElo "2530"]

1.Nf3 d5 2.c4 e6 3.g3 dxc4 4.Bg2 a6 5.O-O Nf6 6.Qc2 c5 7.Ne5 Qc7 8.Nxc4 Nc6
9.a4 b6 10.d3 Nd5 11.Nc3 Ncb4 12.Nxd5 exd5 13.Qd1 Be6 14.Bf4 Qd8 15.Na3 Be7
16.d4 O-O 17.dxc5 bxc5 18.e4 Bf6 19.exd5 Nxd5 20.Bc1 Rb8 21.Qc2 Bd4 22.Qe2 Qc8
23.Nc4 h6 24.Re1 Rd8 25.Bf1 Bg4 26.Qe4 Bf5 27.Qf3 Bg4 28.Qe4 Nf6 29.Qg2 Be6
30.Qf3 Bd5 31.Qf4 g5 32.Qd2 Ne4 33.Rxe4 Bxe4  0-1

[Event "2nd WTeam w"]
[Site "Ningbo CHN"]
[Date "2009.09.04"]
[Round "3"]
[White "Goletiani,R"]
[Black "Pham Le Thao Nguyen"]
[Result "1/2-1/2"]
[WhiteElo "2391"]
[BlackElo "2301"]

1.Nf3 d5 2.c4 c6 3.g3 Nf6 4.b3 Bf5 5.Bb2 e6 6.Bg2 h6 7.O-O Be7 8.d3 O-O 9.Nbd2 a5
10.a3 Na6 11.Qc2 Bh7 12.Ne5 Qb6 13.Rab1 Rfd8 14.Ndf3 Rac8 15.h4 d4 16.Qd2 c5
17.Qf4 Qc7 18.e3 Bd6 19.Rbd1 Nh5 20.Qg4 Nf6 21.Qf4 Nh5 22.Qg4 Nf6 23.Qf4 Nh5
24.Qg4 Nf6  1/2-1/2

[Event "6th LGA Premium Cup"]
[Site "Nuernberg GER"]
[Date "2009.09.04"]
[Round "2"]
[White "Hirschberg,V"]
[Black "Ortpaul,M"]
[Result "1-0"]
[WhiteElo "2099"]
[BlackElo "1946"]

1.Nf3 d5 2.c4 d4 3.g3 g6 4.Bg2 Bg7 5.O-O Nf6 6.d3 O-O 7.b4 Re8 8.Nbd2 Na6
9.b5 Nc5 10.Nb3 Nxb3 11.Qxb3 e5 12.Nd2 a5 13.a4 Rb8 14.Bb2 Bd7 15.c5 Be6
16.Qc2 Nd5 17.Ba3 f5 18.Nc4 e4 19.Rae1 e3 20.fxe3 Nxe3 21.Nxe3 dxe3 22.Bb2 Bd5
23.Bxg7 Bxg2 24.Kxg2 Qd5+ 25.Kg1 Kxg7 26.Qc3+ Qe5 27.Qxa5 Ra8 28.Qb4 Red8
29.Qf4 Rd5 30.Rc1 Qxf4 31.Rxf4 Kf6 32.Rfc4 Ke5 33.Kg2 g5 34.Kf3 f4 35.gxf4+  1-0

[Event "6th LGA Premium Cup"]
[Site "Nuernberg GER"]
[Date "2009.09.04"]
[Round "3"]
[White "Stuermer,M"]
[Black "Hirschberg,L"]
[Result "1-0"]
[WhiteElo "1957"]
[BlackElo "1699"]

1.Nf3 d5 2.c4 Nf6 3.e3 Bf5 4.Nc3 e6 5.d4 c5 6.Bd3 Bxd3 7.Qxd3 Be7 8.O-O O-O
9.a3 Nc6 10.dxc5 Bxc5 11.b4 Bb6 12.Bb2 Qd7 13.cxd5 Nxd5 14.Nxd5 Qxd5 15.Qc3 f6
16.Rfd1 Qf5 17.Nh4 Qg4 18.Nf3 e5 19.Qb3+ Kh8 20.h3 Qc8 21.Rac1 Rb8 22.Qa2 Qe8
23.Qc4 Qf7 24.Qxf7 Rxf7 25.Kf1 Kg8 26.Ke2 Kf8 27.Nd2 Rd7 28.Nc4 Rbd8 29.Rxd7 Rxd7
30.Nxb6 axb6 31.b5 Ne7 32.a4 Kf7 33.e4 Ng6 34.g3 Nf8 35.Rc4 Ne6 36.Bc3 Nc5
37.f4 Nd3 38.Ke3 h6 39.f5 Ke7 40.Bd4 Rxd4 41.Rxd4 exd4+ 42.Kxd3 h5 43.Kxd4 Kd6
44.h4 Kd7 45.Ke3 Kd6 46.Kf4 Kd7 47.g4 Ke7 48.gxh5 Kd6 49.e5+ fxe5+ 50.Ke4 Kd7
51.Kxe5 Ke7 52.f6+ gxf6+ 53.Kf5 Kf7 54.h6 Kg8 55.Kxf6 Kh7 56.Ke6 Kxh6 57.Kd7  1-0

[Event "2nd WTeam w"]
[Site "Ningbo CHN"]
[Date "2009.09.05"]
[Round "4"]
[White "Goletiani,R"]
[Black "Romanko,M"]
[Result "0-1"]
[WhiteElo "2391"]
[BlackElo "2453"]

1.Nf3 d5 2.c4 c6 3.b3 Nf6 4.g3 Bf5 5.Bg2 h6 6.Bb2 e6 7.O-O Be7 8.d3 O-O 9.Nbd2 Nbd7
10.a3 a5 11.Nd4 Bh7 12.e4 Qb6 13.Qe2 dxe4 14.dxe4 e5 15.Nf5 Bc5 16.g4 Rfe8
17.Kh1 Bxf5 18.exf5 Bd4 19.Rab1 Bxb2 20.Rxb2 Qd4 21.Ne4 Nxe4 22.Bxe4 Nc5
23.f3 Red8 24.Rbb1 Qd2 25.Rf2 Qxe2 26.Rxe2 a4 27.b4 Nxe4 28.Rxe4 Rd3 29.Ra1 f6
30.f4 exf4 31.Re7 f3 32.Kg1 Rad8 33.Kf2 R8d4 34.Re8+ Kh7 35.Re3 Rxe3 36.Kxe3 Rxg4
37.c5 Rg2 38.Rd1 f2 39.Rf1 Rxh2 40.Ke2 Rh3 41.Rd1 Rxa3 42.Rd7 Ra2+ 43.Kf1 Rb2
44.Rxb7 a3  0-1

[Event "6th LGA Premium Cup"]
[Site "Nuernberg GER"]
[Date "2009.09.05"]
[Round "5"]
[White "Redzepovic,I"]
[Black "Khanukov,B"]
[Result "0-1"]
[WhiteElo "2098"]
[BlackElo "2379"]

1.Nf3 d5 2.c4 e6 3.g3 c6 4.Bg2 Nf6 5.O-O Be7 6.b3 Nbd7 7.Bb2 O-O 8.d4 b5
9.Nbd2 a5 10.Ne5 Nxe5 11.dxe5 Ne8 12.a4 bxc4 13.bxc4 Ba6 14.cxd5 cxd5 15.Nf3 Rb8
16.Ba3 Bxa3 17.Rxa3 Rb4 18.Re1 Qb6 19.e3 Nc7 20.Nd4 Rb8 21.Ra1 g6 22.h4 Ne8
23.Qg4 Bc8 24.Qg5 Bd7 25.h5 Qd8 26.Qh6 Qe7 27.hxg6 hxg6 28.Bf3 Qf8 29.Qh4 Qg7
30.Qg5 f6 31.exf6 Qxf6 32.Qxf6 Nxf6 33.Be2 Kf7 34.Rec1 R8b7 35.Nb5 Ke7 36.Bd3 g5
37.Kg2 Rb3 38.Bc2 Rb2 39.Nd4 R7b4 40.Bd1 Kd6 41.Be2 Ng4 42.Kf3 Ne5+ 43.Kg2 Nc4
44.Nf3 g4 45.Ne1 Ne5 46.Bd1 Rd2 47.Rab1 Rbb2 48.Rxb2 Rxb2 49.Ra1 Be8 50.Kf1 Bg6
51.Be2 Bf5 52.Rc1 Rb4 53.Bb5 Nc4 54.Rd1 Na3 55.Be8 Ke7 56.Bc6 Rc4 57.Ra1 Nb1
58.Bb5 Rc1 59.Ra2 Kd6 60.Be2 e5 61.f3 gxf3 62.Bxf3 e4 63.Be2 Nc3 64.Kf2 Nxe2
65.Kxe2 Bg4+ 66.Kf2 Rb1  0-1

[Event "XIX EYCC Boys U18"]
[Site "Fermo ITA"]
[Date "2009.09.07"]
[Round "7"]
[White "Vardanian,HaiG"]
[Black "Krejci,Jan2"]
[Result "1/2-1/2"]
[WhiteElo "2300"]
[BlackElo "2453"]

1.Nf3 d5 2.c4 c6 3.e3 Nf6 4.Nc3 e6 5.b3 Bd6 6.Bb2 Nbd7 7.Qc2 Qe7 8.Be2 a6
9.d4 O-O 10.O-O b5 11.e4 dxe4 12.Nxe4 Nxe4 13.Qxe4 Nf6 14.Qh4 bxc4 15.Bxc4 Nd5
16.Qxe7 Nxe7 17.Nd2 a5 18.Ne4 Rd8 19.Rfd1 Ba6 20.Nxd6 Rxd6 21.Ba3 Rd7 22.Bxe7 Rxe7
23.Rac1 Rd7 24.Bxa6 Rxa6 25.Rc4 Kf8 26.Kf1 Ke7 27.Ke2 Rd5 28.g3 Kd6 29.Rd3  1/2-1/2

[Event "2nd WTeam w"]
[Site "Ningbo CHN"]
[Date "2009.09.09"]
[Round "7"]
[White "Danielian,E"]
[Black "Hoang Thi Bao Tram"]
[Result "1-0"]
[WhiteElo "2489"]
[BlackElo "2265"]

1.Nf3 d5 2.c4 c6 3.e3 Nf6 4.Nc3 g6 5.d4 Bg7 6.Be2 O-O 7.O-O Bg4 8.cxd5 cxd5
9.Qb3 b6 10.h3 Bxf3 11.Bxf3 e6 12.Bd2 Nc6 13.Qb5 Qd7 14.Rfc1 Rfc8 15.Be1 Ne8
16.Nxd5 exd5 17.Bxd5 Ne5 18.Qxd7 Nxd7 19.Bxa8 Rxa8 20.Rc6 a5 21.Rac1 Kf8
22.f3 Bh6 23.Bf2 Ke7 24.R1c2 f6 25.e4 Rb8 26.g3 Nd6 27.Kg2 Rb7 28.b3 Rb8
29.d5 Nf7 30.Bd4 Nd8 31.Rc7 Rb7 32.f4 Bf8 33.e5 fxe5 34.fxe5 Ke8 35.Rxb7 Nxb7
36.Rc8+ Ke7 37.Rc7  1-0

[Event "FSGM September"]
[Site "Budapest HUN"]
[Date "2009.09.11"]
[Round "7"]
[White "Odendahl,R"]
[Black "Czebe,A"]
[Result "0-1"]
[WhiteElo "2422"]
[BlackElo "2485"]

1.Nf3 d5 2.c4 d4 3.g3 Nf6 4.Bg2 c5 5.b4 cxb4 6.a3 bxa3 7.Bxa3 Nc6 8.d3 e5
9.Bxf8 Kxf8 10.Nbd2 h6 11.O-O g6 12.Qa4 Kg7 13.Rfb1 Qe7 14.Ne1 Bf5 15.Rxb7 Qxb7
16.Bxc6 Qb2 17.Bxa8 Rxa8 18.Qa5 Re8 19.f3 g5 20.Rb1 Qc3 21.Qxc3 dxc3 22.Ne4 Nxe4
23.fxe4 Bg4 24.Kf2 f5 25.exf5 e4 26.Rc1 exd3 27.exd3 Re2+ 28.Kf1 Rxh2 29.Rxc3 Bxf5
30.Ra3 Bh3+ 31.Kg1 Re2 32.Rxa7+ Kg6 33.Ra1 Kf5 34.d4 Kg4 35.d5 Kxg3 36.Ra3+ Kg4
37.Nf3 Bg2 38.Ne5+ Kf5 39.Nf7 Kf4 40.d6 Bc6 41.Nd8 Bf3 42.d7 g4 43.Ne6+ Kg3
44.Rxf3+ gxf3 45.Kf1 Ra2  0-1